Loket pod lupou : zaostřeno na detail /

Hlavní autor: Smola, Lukáš, 1979-
Další autoři: Rozsypalová, Klára, 1977-
Jazyk: Čeština
Vydáno: Loket : Národní památkový ústav, územní odborné pracoviště v Lokti, 2018
Vydání: Vydání první
Témata:
Fyzický popis: 95 stran : ilustrace (některé barevné), faksimile ; 23 cm
Knihy
Uloženo v:
LEADER 01916nam a2200517 i 4500
001 nkc20183060942
003 CZ PrNK
005 20200302124852.0
007 ta
008 190205s2018 xr ah e 000 0 cze
015 |a cnb003060942 
020 |a 978-80-906866-1-8  |q (brožováno) 
035 |a (OCoLC)1111967957 
040 |a ABA001  |b cze  |e rda 
043 |a e-xr---  |b e-xr-ka  |2 czenas 
072 7 |a 72  |x Architektura  |2 Konspekt  |9 21 
080 |a 72  |2 MRF 
080 |a 72:904  |2 MRF 
080 |a 913:94  |2 MRF 
080 |a (437.318)  |2 MRF 
080 |a (084.11)  |2 MRF 
100 1 |a Smola, Lukáš,  |d 1979-  |7 pna2010554462  |4 aut 
245 1 0 |a Loket pod lupou :  |b zaostřeno na detail /  |c Lukáš Smola, Klára Rozsypalová 
250 |a Vydání první 
264 1 |a Loket :  |b Národní památkový ústav, územní odborné pracoviště v Lokti,  |c 2018 
300 |a 95 stran :  |b ilustrace (některé barevné), faksimile ;  |c 23 cm 
336 |a text  |b txt  |2 rdacontent 
336 |a statický obraz  |b sti  |2 rdacontent 
337 |a bez média  |b n  |2 rdamedia 
338 |a svazek  |b nc  |2 rdacarrier 
504 |a Obsahuje bibliografii 
650 0 7 |a architektura  |7 ph118586  |z Česko  |2 czenas 
650 0 7 |a architektonické památky  |7 ph118585  |z Česko  |2 czenas 
650 0 7 |a historický místopis  |7 ph137052  |z Česko  |2 czenas 
650 0 9 |a architecture  |z Czechia  |2 eczenas 
650 0 9 |a architectural monuments  |z Czechia  |2 eczenas 
650 0 9 |a historical topography  |z Czechia  |2 eczenas 
651 7 |a Loket (Sokolov, Česko)  |7 ge129862  |2 czenas 
651 9 |a Loket (Sokolov, Czechia)  |2 eczenas 
655 7 |a obrazové publikace  |7 fd132947  |2 czenas 
655 9 |a pictorial works  |2 eczenas 
700 1 |a Rozsypalová, Klára,  |d 1977-  |7 js20110607001  |4 aut 
910 2 |a BOA001  |b 2-1444.423 
990 |a BK 
995 |a 01 
996 6 |b 2610816849  |c 2-1444.423  |l MZK  |r Sklad / do 1 hodiny  |n 0  |p p.v.  |w 001784878  |u 000010  |a 1  |e BOA001  |j MZK50  |s P